<?xml version="1.0" encoding="UTF-8"?>
<collection xmlns="http://www.loc.gov/MARC21/slim">
 <record>
  <leader>01090cam a22002652 a4500</leader>
  <controlfield tag="001">1439529310</controlfield>
  <controlfield tag="003">DE-627</controlfield>
  <controlfield tag="005">20230713151124.0</controlfield>
  <controlfield tag="007">tu</controlfield>
  <controlfield tag="008">120803n19uuuuuuxx |||||      00| ||ita c</controlfield>
  <datafield tag="035" ind1=" " ind2=" ">
   <subfield code="a">(DE-627)1439529310</subfield>
  </datafield>
  <datafield tag="035" ind1=" " ind2=" ">
   <subfield code="a">(DE-576)369529316</subfield>
  </datafield>
  <datafield tag="035" ind1=" " ind2=" ">
   <subfield code="a">(DE-599)BSZ369529316</subfield>
  </datafield>
  <datafield tag="040" ind1=" " ind2=" ">
   <subfield code="a">DE-627</subfield>
   <subfield code="b">ger</subfield>
   <subfield code="c">DE-627</subfield>
   <subfield code="e">rakwb</subfield>
  </datafield>
  <datafield tag="041" ind1=" " ind2=" ">
   <subfield code="a">ita</subfield>
  </datafield>
  <datafield tag="100" ind1="1" ind2=" ">
   <subfield code="a">Gangemi, Giuseppe</subfield>
   <subfield code="d">1949-</subfield>
   <subfield code="0">(DE-588)140559590</subfield>
   <subfield code="0">(DE-627)703715402</subfield>
   <subfield code="0">(DE-576)318850370</subfield>
   <subfield code="4">aut</subfield>
  </datafield>
  <datafield tag="245" ind1="1" ind2="0">
   <subfield code="a">Centri storici di Sicilia</subfield>
   <subfield code="b">inventario di protezione dei sistemi urbani delle province di Trapani, Agrigento, Caltanissetta, Enna</subfield>
   <subfield code="c">Giuseppe Gangemi; Rosalia La Franca. Pref. di Rosario La Duca</subfield>
  </datafield>
  <datafield tag="264" ind1=" " ind2="1">
   <subfield code="a">Palermo</subfield>
   <subfield code="b">Vittorietti</subfield>
   <subfield code="c">19XX-</subfield>
  </datafield>
  <datafield tag="336" ind1=" " ind2=" ">
   <subfield code="a">Text</subfield>
   <subfield code="b">txt</subfield>
   <subfield code="2">rdacontent</subfield>
  </datafield>
  <datafield tag="337" ind1=" " ind2=" ">
   <subfield code="a">ohne Hilfsmittel zu benutzen</subfield>
   <subfield code="b">n</subfield>
   <subfield code="2">rdamedia</subfield>
  </datafield>
  <datafield tag="338" ind1=" " ind2=" ">
   <subfield code="a">Band</subfield>
   <subfield code="b">nc</subfield>
   <subfield code="2">rdacarrier</subfield>
  </datafield>
  <datafield tag="787" ind1="0" ind2="8">
   <subfield code="i">Rezensiert in</subfield>
   <subfield code="a">Krönig, Wolfgang, 1904 - 1992</subfield>
   <subfield code="t">[Rezension von: Giuseppe Gangemi/Rosalia La Franca, Centri storici di Sicilia]</subfield>
   <subfield code="d">1982</subfield>
   <subfield code="w">(DE-627)1852633611</subfield>
  </datafield>
  <datafield tag="951" ind1=" " ind2=" ">
   <subfield code="a">MC</subfield>
  </datafield>
  <datafield tag="991" ind1=" " ind2=" ">
   <subfield code="a">Rezensiertes Werk</subfield>
  </datafield>
  <datafield tag="999" ind1=" " ind2=" ">
   <subfield code="a">KXP-PPN1439529310</subfield>
   <subfield code="e">4370405661</subfield>
  </datafield>
 </record>
</collection>
